Entrenadores del RC Celta de Vigo - Estadísticas

Estadísticas generales
  • Esta prueba ha sido intentada 34 veces
  • La puntuación promedio es 14 de 93
Estadísticas de respuestas
Periodo Entrenador % Correcto
2024-act Claudio Giráldez
100%
2023-2024 Rafa Benítez
96%
2014-2017 Eduardo Berizzo
85%
2013-2014 Luis Enrique
78%
2020-2022 Eduardo Coudet
70%
2017-2018 Juan Carlos Unzué
63%
1998-2002 Víctor Fernández
59%
2002-2004 Miguel Ángel Lotina
56%
2022-2023 Carlos Carvalhal
48%
2018 Antonio Mohamed
44%
2004-2007 Fernando Vázquez
44%
2019 Fran Escribá
44%
1997-1998 Javier Irureta
44%
2018-2019 Miguel Cardoso
44%
2013 Abel Resino
41%
2009-2010 Eusebio
41%
2019-2020 Óscar García
41%
2010-2013 Paco Herrera
41%
1991-1994 Txetxu Rojo
30%
2007 Hristo Stoichkov
26%
2008 Antonio López
22%
2008 Alejandro Menéndez
19%
1995-1997 Fernando Castro Santos
19%
1977-1978 José María Maguregui
19%
1987-1988 José María Maguregui
19%
1990-1991 José María Maguregui
19%
2004 Radomir Antić
19%
1984-1985 Félix Carnero
15%
2008-2009 Pepe Murcia
15%
2004 Ramón Carnero
15%
1966-1967 César Rodríguez
11%
1989-1990 Delfín Álvarez
11%
1988-1989 José Manuel Díaz Novoa
11%
2007-2008 Juan Ramón López Caro
11%
1994-1995 Carlos Aimar
7%
1986-1987 Colin Addison
7%
1932-1935 José María Peña
7%
1980-1983 Milorad Pavić
7%
1985-1986 José Luis García Traid
4%
1970-1972 Juan Arza
4%
1973-1974 Juan Arza
4%
1980 Juan Arza
4%
1978-1979 Laureano Ruiz
4%
1983 Luis Cid Carriega
4%
1974-1975 Mariano Moreno
4%
1979 Pedro González Carnero (Pedrito)
4%
1946-1949 Ricardo Zamora
4%
1953-1955 Ricardo Zamora
4%
1960 Ricardo Zamora
4%
1956-1957 Alejandro Scopelli
0%
1926-1927 Andrés Balsa
0%
1946 Armando Márquez Ligori
0%
1953 Armando Márquez Ligori
0%
1941-1944 Baltasar Albéniz
0%
1959 Baltasar Albéniz
0%
1975-1977 Carmelo Cedrún
0%
1979-1980 Carmelo Cedrún
0%
1959 Enrique Lúpiz
0%
1938 Ferenc Plattkó
0%
1923-1926 Francis Cuggy
0%
1962-1963 Ignacio Eizaguirre
0%
1967-1969 Ignacio Eizaguirre
0%
1940-1941 Joaquín Cárdenas
0%
1953 José Iraragorri
0%
1963-1965 Joseíto
0%
1931-1932 José Planas
0%
1961-1962 Juan Rodríguez Aretio
0%
1973 Juan Rodríguez Aretio
0%
1944-1946 Károly Plattkó
0%
1961 Louis Hon
0%
1959 Luis Miró
0%
1949-1951 Luis Pasarín
0%
1957-1959 Luis Pasarín
0%
1953 Luis Urquiri
0%
1955-1956 Luis Urquiri
0%
1952-1953 Odilio Bravo
0%
1972-1973 Pedro Dellacha
0%
1967 Pepe Villar
0%
1970 Pepe Villar
0%
1975 Pepe Villar
0%
1977 Pepe Villar
0%
1986 Pepe Villar
0%
1988 Pepe Villar
0%
1965-1966 Rafael Yunta
0%
1928-1931 Ramón Encinas
0%
1935-1936 Ricardo Comesaña
0%
1939-1940 Ricardo Comesaña
0%
1951-1952 Roberto Ozores
0%
1969-1970 Roque Olsen
0%
1959-1960 Santiago Sanz Fraile
0%
1960-1961 Santiago Sanz Fraile
0%
1977 Toni Cuervo
0%
1927-1928 W.H. Cowan
0%
No se encontraron pruebas coincidentes
Distribución de puntuación
Porcentaje de gente con cada puntuación
Porcentaje por número respondido
Historial de tus puntuaciones
No has intentado esta prueba.